| 000 | 00617nam a2200217 u 4500 | ||
|---|---|---|---|
| 005 | 20240228064334.0 | ||
| 008 | 190207s2005 r 000 0 eng d | ||
| 020 | _a9788478645213 (13 dígitos) | ||
| 020 | _a8478645217 (10 dígitos) | ||
| 035 | _aUPN01000228886 | ||
| 049 | _aI | ||
| 050 | 4 |
_aPZ71 _bF6.8 |
|
| 245 | 0 | 4 |
_aLas formas / _bil. F. Rigol. |
| 260 |
_aBarcelona, Esp. : _bCombel, _c2005. |
||
| 300 |
_a[10] p. : _bprincipalmente il. col. |
||
| 440 | 0 | _aAprendo con Dan y Din | |
| 650 | 4 |
_aLibros y lectura para niños _92290 |
|
| 700 | 1 |
_aRigol, F., _eil. |
|
| 905 | _aInfantil | ||
| 999 |
_c200981 _d200981 |
||